[Event "Napoli Trofeo Caissa 2nd"]
[Site "Napoli"]
[Date "2016.11.03"]
[Round "1"]
[White "Lombardo, Michele"]
[Black "Sheludko, Olexander"]
[Result "1-0"]
[WhiteElo "2098"]
[BlackElo "1595"]
[PlyCount "75"]
[EventDate "2016.11.03"]
[EventType "swiss"]
[EventRounds "7"]
[EventCountry "ITA"]
[SourceTitle "EXT 2018"]
[Source "ChessBase"]
[SourceDate "2017.10.13"]
[SourceVersion "1"]
[SourceVersionDate "2017.10.13"]
[SourceQuality "1"]

1. b3 Nf6 2. Bb2 g6 3. g3 Bg7 4. Bg2 0-0 5. d3 d6 6. e4 e5 7. Nd2 Nc6 8. h3 Nh5 9. Bf3 Nf6 10. Ne2 Be6 11. Nc4 Nd7 12. g4 b5 13. Ne3 Rb8 14. h4 Nd4 15. Bg2 c5 16. Ng3 Nf6 17. c3 Nc6 18. 0-0 Qc8 19. g5 Ne8 20. Nd5 Qd7 21. Bc1 Ne7 22. Nxe7+ Qxe7 23. Qe1 f5 24. f4 b4 25. exf5 gxf5 26. Nh5 Bh8 27. Bd2 Bf7 28. Ng3 Be6 29. Rc1 bxc3 30. Bxc3 d5 31. Bxe5 Bxe5 32. Qxe5 Nc7 33. Nh5 c4 34. bxc4 Qc5+ 35. d4 Qe7 36. c5 Nb5 37. Bxd5 Bxd5 38. Qxe7 1-0

[Event "Napoli Autunno Vomero op-B"]
[Site "Napoli"]
[Date "2016.09.15"]
[Round "2"]
[White "Sheludko, Olexander"]
[Black "Giuffrida, Alfio"]
[Result "1-0"]
[WhiteElo "1598"]
[BlackElo "1440"]
[PlyCount "73"]
[EventDate "2016.09.08"]
[EventType "swiss"]
[EventRounds "7"]
[EventCountry "ITA"]
[SourceTitle "EXT 2018"]
[Source "ChessBase"]
[SourceDate "2017.10.13"]
[SourceVersion "1"]
[SourceVersionDate "2017.10.13"]
[SourceQuality "1"]

1. Nf3 d5 2. g3 Nf6 3. Bg2 e6 4. d3 Bc5 5. Nc3 Bb4 6. 0-0 0-0 7. e4 d4 8. Ne2 e5 9. Nh4 Bg4 10. h3 Bh5 11. Bd2 c5 12. Bxb4 cxb4 13. Qd2 a5 14. f4 exf4 15. Nxf4 Bg6 16. g4 Nc6 17. Nhxg6 fxg6 18. Ne6 Qd6 19. Nxf8 Rxf8 20. Qf4 Qc5 21. Rf2 g5 22. Qf5 Nd7 23. Qxc5 Nxc5 24. Rxf8+ Kxf8 25. Rf1+ Kg8 26. e5 h6 27. Bd5+ Kh7 28. Bxc6 bxc6 29. Rf7 Kg6 30. Rc7 Ne6 31. Rxc6 Kf7 32. Ra6 Nd8 33. Rxa5 Nc6 34. Rd5 Ne7 35. Rxd4 Nc6 36. Rd5 Ke6 37. Rd6+ 1-0